Deauville - Choix multiples - Statistiques

Statistiques générales
  • Ce quiz a été pris 31 fois
  • Le résultat moyen est 6 sur 10
Statistiques - réponses
Question Réponse % Correct
Quelle ville en bord de mer est seulement séparée de Deauville par la Touques, le fleuve côtier ? Trouville
96%
Quelle technique de construction qui consiste à assembler des poutres de bois à l'horizontale et à la verticale est très répandue à Deauville ? Notamment, son marché des halles est construit de cette façon. Le colombage
86%
Quel prestigieux hôtel cinq étoiles a été inauguré à Deauville en 1912, construit dans une architecture traditionnelle régionale de style manoir-cottage ? L'Hôtel Le Normandy
82%
Comment appelle-t-on la promenade - longue terrasse en bois - des plages de Deauville qui a fait la réputation de la station, notamment grâce au Festival du film américain ? Les Planches
75%
De quel saint une relique est contenue dans la première pierre des "Franciscaines", bâtiment historique et centre culturel de Deauville ? Saint François d'Assise
57%
Quel saint, Père et Docteur de l'Église, connu pour ses travaux sur le libre-arbitre et pour ses "Confessions" donne son nom à l'église de Deauville ? Saint Augustin
50%
Quelle image présente un aspect de Deauville ?
39%
Quel établissement public de Deauville construit en 1931 dans un style néo-normand, dans sa structure actuelle, a servi de modèle aux établissements équivalents à Pointe-Noire au Congo et à Đà Lạt au Viet Nam ? La gare
36%
Quel producteur de cinéma français sortit vers 1913, les premiers films (courts-métrages) en couleurs (trichromie), notamment sur la plage de Deauville ? Léon Gaumont
36%
Parmi ces acteurs, lequel n'apparaît pas dans la distribution de "Nous irons à Deauville", film de Francis Rigaud, sorti en 1962 ? Bourvil
18%
Aucun quiz correspondant
Distribution des résultats
% des personnes avec chaque résultat
Percentile par nombre de réponses
Votre historique - résultats
Vous n’avez pas pris ce quiz